000 01375cam a2200337 i 4500
999 _c22421
_d22421
001 21434332
003 OSt
005 20220610085757.0
008 200108s2019 pe 000 1 spa
010 _a 2020492392
020 _a9786123260071
035 _a(PE-LiEIC)it201600017355
040 _cBiblioteca Municipal de Cusco
082 _a338.985/B46
_bB46
100 _aBerríos, Rubén
_d1950-
_eautor
_948116
240 _aGrowth without development : Peru in comparative perspective
_lEspañol
245 _aCrecimiento sin desarrollo :
_bun estudio comparado de Perú, Chile y Corea del Sur /
_cRubén Berríos
250 _aPrimera edición
264 _aLima :
_bInstituto de Estudios Peruanos,
_bTarea Asociación Gráfica Educativa,
_c2020.
300 _a228 páginas. :
_c23 cm.
490 _aAnálisis económico / Instituto de Estudios Peruanos ;
_v33
500 _aTraducido de: Growth without development: Peru in comparative perspective.
504 _aBibliografía: páginas [202]-228.
650 _aDesarrollo económico
_91696
651 _aPerú
_xPolítica económica
_948117
651 _aChile
_xPolítica económica
_948118
651 _aCorea del Sur
_xPolítica económica
_948119
710 _aInstituto de Estudios Peruanos (Lima)
_99759
830 _aAnálisis económico (Instituto de Estudios Peruanos)
_948120
942 _2ddc
_cLIBROS